| 000 | 00377cam a2200145ua 4500 | ||
|---|---|---|---|
| 041 |
_aeng _h |
||
| 082 |
_a616 _bMAD/BU |
||
| 100 | _aMaduri, Desai . | ||
| 245 |
_aTo the Builders of Tomorrow / _cMaduri Desai. _hTextual Documents |
||
| 260 |
_a : _bGeoffrey cumberlege oxford university press , _c1948. |
||
| 300 | _a186 ; . | ||
| 504 | _a | ||
| 942 | _cBK | ||
| 999 |
_c749 _d749 |
||